000
00245nam a22000977a 4500
999
_c
16161
_d
16161
003
OSt
008
200611b ||||| |||| 00| 0 eng d
100
_a
Proust, Marcel.
_9
4585
245
_a
Swann`s way / Marcel Proust. Textual Documents
942
_c
BK